000 00526nam a22002057a 4500
005 20260116122911.0
008 260116b |||||||| |||| 00| 0 eng d
020 _a9789354660849
_c275.00
040 _aMAIN
041 _aEnglish
082 _a515.3
_bARU
100 _aArumugam, S.
_925938
245 _aDifferential Calculus
260 _aNew Delhi
_bCBS Publisher
_c2022
300 _a311
650 _aMathematics
_9133
700 _aSomasundaram, A.
_925939
700 _aIsaac, A Thangapandi
_925940
942 _cBK
999 _c59977
_d59977